[Event "SK Gescher 1 - SC Falke Saerbeck 1"]
[Site "Verbandsliga 2019/2020"]
[Date "2020.01.11"]
[Round "5.1"]
[White "Vos, Thomas"]
[Black "Scho, Christian"]
[Result "0-1"]
[WhiteElo "2063"]
[BlackElo "2072"]
[PlyCount "52"]
[EventDate "2020.??.??"]
[SourceDate "2019.09.14"]

1. Nf3 d5 2. e3 Bg4 3. h3 Bh5 4. c4 c6 5. cxd5 Bxf3 6. Qxf3 cxd5 7. Nc3 e6 8.
b3 Nf6 9. Qg3 Nc6 10. Bb2 Rc8 11. Bb5 a6 12. Bxc6+ Rxc6 13. O-O Qd6 14. f4 d4
15. Ne2 Ne4 16. Qe1 dxe3 17. Nd4 Nxd2 18. Nxc6 Qxc6 19. Rc1 Qb6 20. Rc8+ Kd7
21. Qc1 e2+ 22. Rf2 e1=Q+ 23. Qxe1 Kxc8 24. Qc1+ Kb8 25. Be5+ Ka7 26. Qc8 Bd6
0-1

[Event "SK Gescher 1 - SC Falke Saerbeck 1"]
[Site "Verbandsliga 2019/2020"]
[Date "2020.01.11"]
[Round "5.2"]
[White "Eissing, Christoph"]
[Black "Hegemann, Eike"]
[Result "1-0"]
[WhiteElo "2026"]
[BlackElo "1962"]
[PlyCount "77"]
[EventDate "2020.??.??"]
[SourceDate "2019.09.14"]

1. e4 c5 2. Nf3 d6 3. d4 cxd4 4. Nxd4 Nf6 5. Nc3 a6 6. f4 e5 7. Nf3 Qc7 8. a4
Be7 9. Bd3 O-O 10. O-O Nbd7 11. Kh1 Nc5 12. Qe1 b6 13. Nh4 Nxd3 14. cxd3 Re8
15. Bd2 Bf8 16. Qg3 Kh8 17. fxe5 Rxe5 18. Rxf6 gxf6 19. Nd5 Rxd5 20. exd5 Bg7
21. Re1 Bd7 22. Re7 Qc2 23. Rxf7 Rg8 24. Qe1 Re8 25. Re7 Qxa4 26. Nf5 Rg8 27.
Nxd6 h6 28. Nf7+ Kh7 29. Nxh6 Re8 30. Rxe8 Bxe8 31. Nf5 Bg6 32. Nxg7 Kxg7 33.
Qe7+ Bf7 34. d6 Qd1+ 35. Be1 Qxd3 36. h3 Kg6 37. d7 Bd5 38. Kg1 Qd4+ 39. Bf2
1-0

[Event "SK Gescher 1 - SC Falke Saerbeck 1"]
[Site "Verbandsliga 2019/2020"]
[Date "2020.01.11"]
[Round "5.3"]
[White "Kipp, Lucas"]
[Black "Lanfer, Stefan"]
[Result "1-0"]
[WhiteElo "1926"]
[BlackElo "1772"]
[PlyCount "55"]
[EventDate "2020.??.??"]
[SourceDate "2019.09.14"]

1. e4 c6 2. d4 d5 3. exd5 cxd5 4. c4 Nf6 5. Nc3 e6 6. Nf3 Be7 7. cxd5 Nxd5 8.
Bd3 h6 9. O-O O-O 10. Qe2 Nc6 11. Rd1 Bf6 12. Qe4 g6 13. Bxh6 Bg7 14. Bxg7 Kxg7
15. Bc4 f5 16. Qe2 Rh8 17. Nxd5 exd5 18. Bb5 Bd7 19. Bxc6 Bxc6 20. Qe5+ Qf6 21.
Rac1 Rae8 22. Qxf6+ Kxf6 23. Ne5 Re6 24. Rc3 g5 25. g3 Rhe8 26. Rdc1 Rc8 27. b4
Rb8 28. Rxc6 1-0

[Event "SK Gescher 1 - SC Falke Saerbeck 1"]
[Site "Verbandsliga 2019/2020"]
[Date "2020.01.11"]
[Round "5.4"]
[White "Lanfer, Stefanie"]
[Black "Fischer, Andreas"]
[Result "0-1"]
[WhiteElo "1882"]
[BlackElo "1889"]
[PlyCount "114"]
[EventDate "2020.??.??"]
[SourceDate "2019.09.14"]

1. e4 d6 2. d4 Nf6 3. Nc3 Nbd7 4. Be3 e5 5. d5 Be7 6. f3 c6 7. Qd2 Qa5 8. Nge2
cxd5 9. exd5 Nb6 10. Bxb6 Qxb6 11. Ng3 Bd7 12. Bc4 h6 13. Bb3 Qa5 14. Nce4
Qxd2+ 15. Nxd2 O-O 16. O-O Rac8 17. Rae1 Rfe8 18. Kh1 b5 19. c3 Rc5 20. Nde4
Nxe4 21. fxe4 Bh4 22. Re3 Bxg3 23. Rxg3 a5 24. Bd1 Rc4 25. Bh5 Re7 26. Re3 Rc8
27. Ref3 g6 28. Rg3 Kg7 29. h4 Rf8 30. Be2 f6 31. c4 bxc4 32. Bxc4 Rb8 33. Rb3
Rxb3 34. Bxb3 Re8 35. Rc1 Rc8 36. Rxc8 Bxc8 37. Bc4 f5 38. exf5 gxf5 39. g3 Kf6
40. a3 e4 41. Bb5 Ke5 42. Bc6 Kd4 43. b4 axb4 44. axb4 e3 45. Kg1 Kd3 46. Kf1
Kd2 47. Bb5 Bb7 48. Be2 Bxd5 49. b5 Bb7 50. g4 fxg4 51. Bxg4 d5 52. b6 d4 53.
Be2 d3 54. Bxd3 Kxd3 55. Ke1 h5 56. Kd1 Bc6 57. Ke1 Bf3 0-1

[Event "SK Gescher 1 - SC Falke Saerbeck 1"]
[Site "Verbandsliga 2019/2020"]
[Date "2020.01.11"]
[Round "5.5"]
[White "Bartsch, Jan"]
[Black "Brands, Julian"]
[Result "0-1"]
[WhiteElo "1793"]
[BlackElo "1736"]
[PlyCount "68"]
[EventDate "2020.??.??"]
[SourceDate "2019.09.14"]

1. b3 Nf6 2. Bb2 b6 3. e3 Bb7 4. Nf3 d6 5. d4 Nbd7 6. Be2 g6 7. O-O Bg7 8. Nbd2
O-O 9. c4 e6 10. Rc1 c5 11. dxc5 Nxc5 12. Qc2 Qe7 13. Rfd1 Rfd8 14. Bxf6 Qxf6
15. b4 Na6 16. Qa4 Nc7 17. c5 dxc5 18. bxc5 bxc5 19. Rxc5 Nd5 20. Ne4 Qe7 21.
Qa5 h6 22. h3 Kh7 23. Ng3 Rac8 24. Rxc8 Bxc8 25. Rc1 Bd7 26. Bb5 Bxb5 27. Qxb5
Qa3 28. Qc4 Nb6 29. Qc5 Qxa2 30. Qe7 Qb2 31. Rc6 Rf8 32. Ne4 Qb1+ 33. Kh2 Qxe4
34. Rc7 Nd5 0-1

[Event "SK Gescher 1 - SC Falke Saerbeck 1"]
[Site "Verbandsliga 2019/2020"]
[Date "2020.01.11"]
[Round "5.6"]
[White "Iking, Bernhard"]
[Black "Hoge, Reinhard"]
[Result "1/2-1/2"]
[WhiteElo "1748"]
[BlackElo "1878"]
[PlyCount "130"]
[EventDate "2020.??.??"]
[SourceDate "2019.09.14"]

1. d4 Nf6 2. Nf3 g6 3. c4 Bg7 4. Nc3 O-O 5. e4 d6 6. h3 e5 7. d5 a5 8. Bg5 h6
9. Be3 Na6 10. Rc1 Nc5 11. Qc2 Nh5 12. Qd2 Kh7 13. g4 Nf4 14. Bxc5 dxc5 15. Ne2
f5 16. gxf5 gxf5 17. Nxf4 exf4 18. e5 Bxe5 19. Nxe5 Re8 20. Qxf4 Qg5 21. Qxg5
hxg5 22. f4 gxf4 23. Kf2 Rxe5 24. Bd3 Re3 25. Rc3 Bd7 26. Be2 Rxc3 27. bxc3 Re8
28. Bf3 b6 29. Re1 Rxe1 30. Kxe1 Kh6 31. h4 Be8 32. Kf2 Ba4 33. Be2 Be8 34. Bf3
Kg6 35. Ke1 Kf6 36. Kf2 Ba4 37. Be2 Bc2 38. Kf3 Ke5 39. Kf2 Ba4 40. Bf3 Be8 41.
Ke1 Ba4 42. Kf2 Bc2 43. Be2 Be4 44. h5 Kf6 45. Bd1 Kg5 46. Be2 f3 47. Bxf3 Bxf3
48. Kxf3 Kxh5 49. Kf4 Kg6 50. Ke5 Kg5 51. Ke6 f4 52. Kd7 f3 53. Kxc7 f2 54. d6
f1=Q 55. d7 Qf4+ 56. Kc8 Qf5 57. Kc7 Qf7 58. Kc8 Qe6 59. Kc7 Qxc4 60. d8=Q+ Kf5
61. Qd7+ Ke4 62. Kxb6 Qxc3 63. Qc6+ Kd4 64. Qd6+ Ke4 65. Qxc5 Qb2+ 1/2-1/2

[Event "SK Gescher 1 - SC Falke Saerbeck 1"]
[Site "Verbandsliga 2019/2020"]
[Date "2020.01.11"]
[Round "5.7"]
[White "Waltermann, Jens"]
[Black "Frieske, Hilmar"]
[Result "1-0"]
[WhiteElo "1793"]
[BlackElo "1728"]
[PlyCount "59"]
[EventDate "2020.??.??"]
[SourceDate "2019.09.14"]

1. Nf3 Nf6 2. g3 d5 3. Bg2 Nc6 4. d4 Bg4 5. c3 Qc8 6. h3 Bf5 7. Bf4 e6 8. Nbd2
Nd7 9. g4 Bg6 10. Nh4 Nb6 11. a4 Qd8 12. Nxg6 hxg6 13. a5 Nc8 14. e4 dxe4 15.
Nxe4 Nd6 16. Nc5 Rb8 17. Qa4 Qf6 18. Bg3 Qd8 19. O-O-O Be7 20. Bxc6+ Kf8 21.
Nd7+ Kg8 22. Nxb8 Qxb8 23. Bg2 Kh7 24. h4 b5 25. axb6 Qxb6 26. Kc2 Rb8 27. b3
Nb7 28. Qc6 Qxc6 29. Bxc6 Na5 30. Ba4 1-0

[Event "SK Gescher 1 - SC Falke Saerbeck 1"]
[Site "Verbandsliga 2019/2020"]
[Date "2020.01.11"]
[Round "5.8"]
[White "Robers, Frank"]
[Black "Bartsch, Rainer"]
[Result "1/2-1/2"]
[WhiteElo "1644"]
[BlackElo "1696"]
[PlyCount "79"]
[EventDate "2020.??.??"]
[SourceDate "2019.09.14"]

1. e4 d5 2. exd5 Qxd5 3. Nc3 Qd6 4. d4 Nf6 5. Nf3 Bg4 6. Nb5 Qb6 7. Be3 Nd5 8.
Nc3 e6 9. Nxd5 exd5 10. Rb1 Nd7 11. Bd3 Be7 12. a3 Nf6 13. Be2 O-O 14. O-O c5
15. c3 c4 16. b4 Ne4 17. Bd2 Bf5 18. Ra1 a5 19. Be1 Ra7 20. Ne5 axb4 21. axb4
Rfa8 22. Rxa7 Rxa7 23. Bg4 Qe6 24. Bxf5 Qxf5 25. f3 Nd6 26. g4 Qe6 27. f4 Ne4
28. h3 Ra3 29. Qc1 Qa6 30. Nd7 Ra1 31. Qe3 Qe6 32. Ne5 f6 33. f5 Qa6 34. Nd7
Qa4 35. Nc5 Bxc5 36. dxc5 Qd1 37. Qf4 h6 38. Qb8+ Kh7 39. Qe8 Qd3 40. Qg6+
1/2-1/2

[Event "Südlohner SV 2 - SF Olfen 1"]
[Site "Verbandsliga 2019/2020"]
[Date "2020.01.11"]
[Round "5.1"]
[White "Koke, Christoph"]
[Black "Emming, Benedikt"]
[Result "1/2-1/2"]
[WhiteElo "2109"]
[BlackElo "1831"]
[PlyCount "82"]
[EventDate "2020.??.??"]
[SourceDate "2019.09.14"]

1. d4 Nf6 2. c4 e6 3. Nf3 c5 4. Nc3 d5 5. cxd5 exd5 6. g3 Nc6 7. Bg2 c4 8. O-O
Be7 9. Ne5 O-O 10. Nxc6 bxc6 11. e4 Bb7 12. e5 Ne8 13. Be3 Nc7 14. f4 f6 15.
Qd2 fxe5 16. fxe5 Qd7 17. Ne2 Rxf1+ 18. Rxf1 Rf8 19. Rxf8+ Bxf8 20. Qa5 Na6 21.
a3 Qc7 22. Qd2 Qd8 23. h4 Be7 24. Nf4 Bc8 25. Bf3 Nc7 26. Qa5 Na6 27. Qa4 Bb7
28. Bg4 Kh8 29. h5 Bf8 30. Ne6 Qe8 31. Nf4 Qd8 32. Ne6 Qe8 33. Ng5 Be7 34. Qc2
Bxg5 35. Bxg5 Bc8 36. Bf3 Nc7 37. h6 Qg6 38. hxg7+ Kxg7 39. Bf6+ Kf7 40. Qxg6+
Kxg6 41. Kf2 h5 1/2-1/2

[Event "Südlohner SV 2 - SF Olfen 1"]
[Site "Verbandsliga 2019/2020"]
[Date "2020.01.11"]
[Round "5.2"]
[White "Sparwel, Oliver"]
[Black "Boesel, Alexander"]
[Result "0-1"]
[WhiteElo "1945"]
[BlackElo "2068"]
[PlyCount "84"]
[EventDate "2020.??.??"]
[SourceDate "2019.09.14"]

1. d4 Nf6 2. Nf3 e6 3. c4 Bb4+ 4. Nbd2 O-O 5. a3 Bxd2+ 6. Nxd2 Nc6 7. e3 d6 8.
b4 Qe7 9. Be2 e5 10. d5 Nd8 11. Qc2 b6 12. O-O Ne8 13. Bb2 f5 14. c5 Bb7 15. c6
Bc8 16. a4 a6 17. Ra3 f4 18. Bd3 Qh4 19. exf4 exf4 20. Be4 Nf7 21. g3 Qh6 22.
gxf4 Nf6 23. Rg3 Nh5 24. Bxg7 Nxg7 25. Qc3 Nh8 26. Kh1 Ng6 27. Bxg6 hxg6 28.
Ne4 Qxf4 29. f3 Bf5 30. Nf6+ Kh8 31. Re1 Rf7 32. Ng4 Bxg4 33. Rxg4 Qf5 34. Re6
Kh7 35. Re3 Raf8 36. Qd4 Qf6 37. Qd3 Nh5 38. Re6 Qxf3+ 39. Qxf3 Rxf3 40. Rexg6
Rf1+ 41. Rg1 Rxg1+ 42. Rxg1 Nf4 0-1

[Event "Südlohner SV 2 - SF Olfen 1"]
[Site "Verbandsliga 2019/2020"]
[Date "2020.01.11"]
[Round "5.3"]
[White "Grawunder, Juergen"]
[Black "Schmeing, Walter"]
[Result "1/2-1/2"]
[WhiteElo "1907"]
[BlackElo "1962"]
[PlyCount "68"]
[EventDate "2020.??.??"]
[SourceDate "2019.09.14"]

1. e4 e5 2. Nf3 Nc6 3. d3 Nf6 4. Be2 Be7 5. O-O O-O 6. c3 d5 7. Qc2 h6 8. h3
Be6 9. b4 a6 10. a3 Nh7 11. c4 dxe4 12. dxe4 Ng5 13. Nxg5 Bxg5 14. Bb2 Nd4 15.
Qd3 Nxe2+ 16. Qxe2 Qe7 17. Nc3 c6 18. c5 Qc7 19. Na4 Bd8 20. Nb6 Rb8 21. Rad1
f6 22. Rd6 Qf7 23. Rfd1 Re8 24. Qe3 Bc7 25. R6d3 Rbd8 26. Rxd8 Rxd8 27. Rxd8+
Bxd8 28. f4 exf4 29. Qxf4 Bc7 30. Qe3 Qe8 31. Qd3 Qd8 32. Qxd8+ Bxd8 33. Kf2
Bxb6 34. cxb6 Kf7 1/2-1/2

[Event "Südlohner SV 2 - SF Olfen 1"]
[Site "Verbandsliga 2019/2020"]
[Date "2020.01.11"]
[Round "5.4"]
[White "Loesing, Henrik"]
[Black "Beutelhoff, Josef"]
[Result "0-1"]
[WhiteElo "1892"]
[BlackElo "1941"]
[PlyCount "82"]
[EventDate "2020.??.??"]
[SourceDate "2019.09.14"]

1. d4 Nf6 2. Nf3 e6 3. Bf4 b6 4. e3 Bb7 5. Bd3 Be7 6. Nbd2 d5 7. Qe2 Nbd7 8. c3
Ne4 9. Rc1 O-O 10. h4 Nxd2 11. Bxh7+ Kxh7 12. Kxd2 Rh8 13. Be5 Kg8 14. g4 a5
15. Rcg1 Ba6 16. Qd1 Nxe5 17. Nxe5 Bd6 18. g5 Bxe5 19. dxe5 Qe8 20. g6 fxg6 21.
Qg4 Qf7 22. f4 Qf5 23. Qxg6 Qxg6 24. Rxg6 Rh6 25. Rg5 Rf8 26. Rhg1 Rf7 27. h5
Bc8 28. e4 dxe4 29. Ke3 Bb7 30. Rd1 Bc6 31. c4 Rd7 32. Rdg1 Re7 33. f5 exf5 34.
Rxf5 Be8 35. Rgg5 Rf7 36. Kxe4 Rxf5 37. Rxf5 Rxh5 38. Rf2 Bc6+ 39. Kf4 Rh4+ 40.
Kg5 Rxc4 41. Rd2 Kf8 0-1

[Event "Südlohner SV 2 - SF Olfen 1"]
[Site "Verbandsliga 2019/2020"]
[Date "2020.01.11"]
[Round "5.5"]
[White "Engelkamp, Stephan"]
[Black "Harbers, Gerard"]
[Result "1/2-1/2"]
[WhiteElo "1890"]
[BlackElo "1876"]
[PlyCount "134"]
[EventDate "2020.??.??"]
[SourceDate "2019.09.14"]

1. c4 c5 2. Nc3 Nc6 3. g3 g6 4. Bg2 Bg7 5. Nf3 Nf6 6. O-O O-O 7. d4 cxd4 8.
Nxd4 Nxd4 9. Qxd4 d6 10. Rd1 Qa5 11. Bd2 Qh5 12. Qf4 Rb8 13. Rac1 Bd7 14. b3
Bc6 15. e4 Ng4 16. h3 Ne5 17. Qe3 a6 18. Ne2 Nd7 19. Nd4 Qc5 20. Nxc6 bxc6 21.
Qxc5 Nxc5 22. Bc3 Ne6 23. e5 Bxe5 24. Bxe5 dxe5 25. Re1 Nc5 26. Rcd1 e4 27.
Bxe4 Nxe4 28. Rxe4 Rb7 29. Red4 e5 30. Rd7 Rfb8 31. Rxb7 Rxb7 32. Rd8+ Kg7 33.
Rc8 Rb6 34. c5 Rb5 35. Rxc6 a5 36. Kf1 a4 37. bxa4 Ra5 38. Rb6 Rxc5 39. Rb5 Rc2
40. Rxe5 Rxa2 41. a5 Kf6 42. Rb5 h5 43. h4 Ke6 44. Rb6+ Kf5 45. a6 f6 46. Kg2
Ra3 47. f3 Ra2+ 48. Kf1 g5 49. Ke1 gxh4 50. gxh4 Ke5 51. Kd1 f5 52. Kc1 Kf4 53.
Kb1 Ra5 54. Kb2 Kxf3 55. Rb3+ Kg4 56. Ra3 Rb5+ 57. Kc2 Rb8 58. a7 Ra8 59. Ra4+
f4 60. Kd3 Kg3 61. Ke2 f3+ 62. Kf1 Rc8 63. Ra1 Ra8 64. Kg1 Kxh4 65. Kf2 Kg4 66.
Ra4+ Kf5 67. Kxf3 Ke6 1/2-1/2

[Event "Südlohner SV 2 - SF Olfen 1"]
[Site "Verbandsliga 2019/2020"]
[Date "2020.01.11"]
[Round "5.6"]
[White "Boecker, Manfred"]
[Black "Pinno, Gregor"]
[Result "1/2-1/2"]
[WhiteElo "1820"]
[BlackElo "1890"]
[PlyCount "79"]
[EventDate "2020.??.??"]
[SourceDate "2019.09.14"]

1. d4 Nf6 2. Nf3 d6 3. c4 g6 4. Nc3 Bg7 5. e4 O-O 6. Be2 Nbd7 7. h3 e5 8. dxe5
dxe5 9. Be3 c6 10. Qc2 Qe7 11. O-O Re8 12. Nd2 Nc5 13. Nb3 Ne6 14. Rfd1 g5 15.
c5 Nf4 16. Bxf4 gxf4 17. Rd3 Kh8 18. Rad1 Rg8 19. Bf3 Bh6 20. Kf1 Be6 21. Ne2
Nd7 22. Rd6 Rg7 23. Bg4 Nf6 24. Bf3 Rag8 25. Qc3 Ne8 26. R6d3 Qg5 27. Na5 f6
28. Nc4 Qh4 29. Ng1 Nc7 30. a4 Bc8 31. Nd6 Ne6 32. Nxc8 Rxc8 33. Bg4 Rxg4 34.
hxg4 Qxg4 35. f3 Qg6 36. Rd6 Rg8 37. R1d2 Nd4 38. R6xd4 exd4 39. Qxd4 Qg7 40.
Qd7 1/2-1/2

[Event "Südlohner SV 2 - SF Olfen 1"]
[Site "Verbandsliga 2019/2020"]
[Date "2020.01.11"]
[Round "5.7"]
[White "Preuss, Richard"]
[Black "Schlattmann, Martin"]
[Result "1/2-1/2"]
[WhiteElo "1733"]
[BlackElo "1731"]
[PlyCount "61"]
[EventDate "2020.??.??"]
[SourceDate "2019.09.14"]

1. e4 e5 2. Nf3 Nc6 3. d4 exd4 4. Nxd4 Qh4 5. Nb5 Bb4+ 6. c3 Ba5 7. Qf3 Nf6 8.
Bf4 d6 9. Nd2 O-O 10. g3 Qg4 11. Bg2 Qg6 12. h3 a6 13. Na3 Bb6 14. Nac4 Ba7 15.
O-O Nh5 16. Be3 Bxe3 17. Nxe3 Ne5 18. Qe2 c6 19. Kh2 Be6 20. Nf5 Bxf5 21. exf5
Qh6 22. f4 Nd7 23. Qf3 g5 24. fxg5 Qxg5 25. Ne4 Qh6 26. f6 d5 27. Qg4+ Qg6 28.
Qxd7 dxe4 29. Qf5 Qxg3+ 30. Kh1 Qg6 31. Kh2 1/2-1/2

[Event "Südlohner SV 2 - SF Olfen 1"]
[Site "Verbandsliga 2019/2020"]
[Date "2020.01.11"]
[Round "5.8"]
[White "Schuurmans, Han"]
[Black "Boenigk, Winfried"]
[Result "1/2-1/2"]
[WhiteElo "1760"]
[BlackElo "1760"]
[PlyCount "62"]
[EventDate "2020.??.??"]
[SourceDate "2019.09.14"]

1. e4 d6 2. d4 Nf6 3. Nc3 g6 4. f4 Bg7 5. Nf3 c5 6. e5 dxe5 7. Bb5+ Bd7 8. dxe5
Ng4 9. Bxd7+ Qxd7 10. Qe2 Nc6 11. Be3 Nxe3 12. Qxe3 b6 13. Rd1 Qb7 14. O-O O-O
15. Qe4 Rfd8 16. f5 Rxd1 17. Rxd1 Rd8 18. Rf1 Qc8 19. fxg6 hxg6 20. Ne2 e6 21.
c3 Qc7 22. h4 Nxe5 23. Ng5 Qe7 24. Nf4 Re8 25. Re1 Qd8 26. Qa4 Qe7 27. h5 Rd8
28. hxg6 Qxg5 29. gxf7+ Kxf7 30. Qxa7+ Rd7 31. Rxe5 Rxa7 1/2-1/2

[Event "SF Telgte 1 - SV Ibbenbüren 1"]
[Site "Verbandsliga 2019/2020"]
[Date "2020.01.11"]
[Round "5.1"]
[White "Voskuhl, Jens"]
[Black "Junker, Axel"]
[Result "1-0"]
[WhiteElo "1901"]
[BlackElo "1925"]
[PlyCount "87"]
[EventDate "2020.??.??"]
[SourceDate "2019.09.14"]

1. e4 c5 2. Nf3 d6 3. c3 Nf6 4. Bd3 Nc6 5. h3 e5 6. Bc2 Qb6 7. O-O Be7 8. Re1
h6 9. d4 cxd4 10. cxd4 Nxd4 11. Nxd4 Qxd4 12. Qxd4 exd4 13. Nd2 O-O 14. Nf3 Bd7
15. Nxd4 Rac8 16. Bb3 g5 17. Bd2 Nh5 18. Rad1 Rfd8 19. Bb4 Bf8 20. Rd2 Nf6 21.
f3 Ne8 22. Red1 Kg7 23. Bc3 Kg8 24. e5 Be7 25. e6 fxe6 26. Nxe6 Bxe6 27. Bxe6+
Kf8 28. Bxc8 Rxc8 29. Rd5 Kf7 30. Re1 Rc5 31. Rxc5 dxc5 32. Be5 Nf6 33. Bxf6
Bxf6 34. b3 Bd4+ 35. Kf1 Bc3 36. Re4 a5 37. a4 Bd4 38. Ke2 Bg1 39. Kd3 b6 40.
Kc4 Bh2 41. Kb5 Bc7 42. Kc6 Bd8 43. Kd7 Bf6 44. Re6 1-0

[Event "SF Telgte 1 - SV Ibbenbüren 1"]
[Site "Verbandsliga 2019/2020"]
[Date "2020.01.11"]
[Round "5.2"]
[White "Lodde, Martin"]
[Black "Welp, Michael"]
[Result "1-0"]
[WhiteElo "1941"]
[BlackElo "1887"]
[PlyCount "71"]
[EventDate "2020.??.??"]
[SourceDate "2019.09.14"]

1. Nf3 Nf6 2. g3 g6 3. Bg2 Bg7 4. O-O O-O 5. d4 d5 6. Bf4 c6 7. Nc3 Qb6 8. Na4
Qa5 9. c3 Nbd7 10. b4 Qd8 11. Rc1 a5 12. a3 b5 13. Nc5 axb4 14. Nxd7 Bxd7 15.
axb4 Ra3 16. Ne5 Nh5 17. Nd3 Nxf4 18. gxf4 Bf5 19. Nc5 Qc7 20. e3 Rfa8 21. Nb3
Qd7 22. Na5 Rc8 23. Qd2 f6 24. Qb2 Ra4 25. Ra1 Rxa1 26. Rxa1 e5 27. fxe5 fxe5
28. dxe5 Bxe5 29. Nb3 Qg7 30. Nd4 Qc7 31. f4 Bf6 32. Qd2 Re8 33. Nxc6 Be4 34.
Bxe4 dxe4 35. Qd5+ Kg7 36. Ra7 1-0

[Event "SF Telgte 1 - SV Ibbenbüren 1"]
[Site "Verbandsliga 2019/2020"]
[Date "2020.01.11"]
[Round "5.3"]
[White "Kellmann, Dominik"]
[Black "Kuhlenbaeumer, Alfred"]
[Result "0-1"]
[WhiteElo "1755"]
[BlackElo "1811"]
[PlyCount "74"]
[EventDate "2020.??.??"]
[SourceDate "2019.09.14"]

1. e4 e5 2. Nf3 Nf6 3. Nxe5 d6 4. Nf3 Nxe4 5. Nc3 d5 6. Bd3 Nf6 7. O-O Be7 8.
Re1 O-O 9. Bf1 Bg4 10. d4 Nc6 11. Be2 Bf5 12. Nh4 Be6 13. g3 Ne4 14. Nxe4 dxe4
15. d5 Bxd5 16. Nf5 Bc5 17. Bf4 Be6 18. Bg4 Qf6 19. Rxe4 Bxf5 20. Bxf5 Qxf5 21.
Re2 Rad8 22. Qf1 Nd4 23. Re3 Bb6 24. c3 Ne6 25. Re5 Qf6 26. Rae1 h6 27. Bc1 c6
28. Kg2 Nc5 29. R5e3 Qg6 30. Rf3 Nd3 31. Re7 Qd6 32. Rxb7 c5 33. Bf4 Nxf4+ 34.
gxf4 Rfe8 35. Qa6 Qc6 36. a4 c4 37. Kg3 Bxf2+ 0-1

[Event "SF Telgte 1 - SV Ibbenbüren 1"]
[Site "Verbandsliga 2019/2020"]
[Date "2020.01.11"]
[Round "5.4"]
[White "Dieckmann, Werner"]
[Black "Langer, Ralf"]
[Result "1/2-1/2"]
[WhiteElo "1779"]
[BlackElo "1749"]
[PlyCount "74"]
[EventDate "2020.??.??"]
[SourceDate "2019.09.14"]

1. d4 Nf6 2. Nf3 e6 3. Bg5 Be7 4. Nbd2 d5 5. e3 O-O 6. Bd3 c5 7. c3 Nc6 8. O-O
b6 9. Rc1 Bb7 10. Re1 Rc8 11. Bb1 h6 12. Bh4 Nd7 13. Bxe7 Qxe7 14. e4 dxe4 15.
Nxe4 cxd4 16. cxd4 Nf6 17. Qe2 Nb4 18. Nc3 Nbd5 19. Nxd5 Bxd5 20. Rc3 Rxc3 21.
bxc3 Rc8 22. Rc1 Qb7 23. Ne1 b5 24. f3 Bc4 25. Qd2 Qd5 26. Nd3 Nd7 27. Nb4 Qd6
28. Bd3 Bxd3 29. Nxd3 e5 30. Qe3 exd4 31. cxd4 Rxc1+ 32. Nxc1 Qe6 33. Qd2 Nb6
34. Kf2 Nc4 35. Qe2 Kf8 36. Nb3 Ke7 37. Qe4 f5 1/2-1/2

[Event "SF Telgte 1 - SV Ibbenbüren 1"]
[Site "Verbandsliga 2019/2020"]
[Date "2020.01.11"]
[Round "5.5"]
[White "Werremeyer, Achim"]
[Black "Pohl, Detlev"]
[Result "0-1"]
[WhiteElo "1712"]
[BlackElo "1798"]
[PlyCount "74"]
[EventDate "2020.??.??"]
[SourceDate "2019.09.14"]

1. Nf3 d5 2. d4 Nf6 3. c4 e6 4. Bg5 Be7 5. Nc3 a6 6. e3 Nbd7 7. Rc1 O-O 8. cxd5
exd5 9. Bd3 c6 10. O-O Nh5 11. Bxe7 Qxe7 12. Qc2 Nhf6 13. e4 dxe4 14. Nxe4 Nxe4
15. Bxe4 Nf6 16. Rfe1 Qd6 17. Qc5 Qf4 18. Qe5 Qh6 19. Qg5 Qxg5 20. Nxg5 h6 21.
Nf3 Be6 22. Bb1 Rad8 23. Rcd1 Rd6 24. Rd2 Rfd8 25. h3 Kf8 26. Rc1 g5 27. g4 Nd5
28. a3 Nf4 29. Kh2 f6 30. Be4 Bd5 31. Bxd5 Rxd5 32. Kg3 Kf7 33. Rcd1 Re8 34.
Re1 Rxe1 35. Nxe1 c5 36. Nf3 cxd4 37. Nxd4 Rxd4 0-1

[Event "SF Telgte 1 - SV Ibbenbüren 1"]
[Site "Verbandsliga 2019/2020"]
[Date "2020.01.11"]
[Round "5.6"]
[White "Pohl, Tim"]
[Black "Sivakumaran, Methunraj"]
[Result "1-0"]
[WhiteElo "1865"]
[BlackElo "1631"]
[PlyCount "84"]
[EventDate "2020.??.??"]
[SourceDate "2019.09.14"]

1. e4 d5 2. Nf3 dxe4 3. Ng5 Bf5 4. Nc3 Nf6 5. Bc4 e6 6. f3 exf3 7. Qxf3 Bg4 8.
Qxb7 Nbd7 9. d4 Rb8 10. Qxa7 Bb4 11. O-O O-O 12. Bf4 Nb6 13. Bxc7 Qxd4+ 14. Kh1
Rbc8 15. Rf4 Qxc4 16. Rxc4 Nxc4 17. Nce4 Nxe4 18. Nxe4 Bf5 19. c3 Be7 20. Ng3
Nxb2 21. Nxf5 exf5 22. Be5 Bc5 23. Qa6 Rfd8 24. h3 Nd3 25. Bd4 Nf2+ 26. Bxf2
Bxf2 27. Qe2 Bg3 28. c4 Re8 29. Qc2 Rc5 30. Qd3 f4 31. Rf1 Rce5 32. Qd2 Re1 33.
Kg1 Bh2+ 34. Kxh2 Rxf1 35. c5 h5 36. c6 Ree1 37. g4 Rh1+ 38. Kg2 Reg1+ 39. Kf3
Rxh3+ 40. Ke4 Rxg4 41. c7 f3+ 42. Kd5 Rg5+ 1-0

[Event "SF Telgte 1 - SV Ibbenbüren 1"]
[Site "Verbandsliga 2019/2020"]
[Date "2020.01.11"]
[Round "5.7"]
[White "Bloem, Markus"]
[Black "Esser, Peter"]
[Result "0-1"]
[WhiteElo "1514"]
[BlackElo "1733"]
[PlyCount "118"]
[EventDate "2020.??.??"]
[SourceDate "2019.09.14"]

1. d4 Nf6 2. g3 d5 3. Bg2 c6 4. Nf3 Bf5 5. O-O e6 6. Nbd2 h6 7. b3 Bd6 8. Bb2
Nbd7 9. c4 Qe7 10. cxd5 exd5 11. Re1 O-O 12. a3 Rfe8 13. b4 Ne4 14. Nf1 Qe6 15.
Qc1 a6 16. Ne3 Bh7 17. Bc3 f5 18. Bd2 Rf8 19. Nf1 g5 20. Bc3 Rf6 21. e3 Re8 22.
Ra2 Qf7 23. Rae2 Rg6 24. Rd1 Rg7 25. Be1 Bg6 26. Ra2 Bh5 27. Rd3 Kh7 28. Rb3
Reg8 29. Rbb2 Qf6 30. Kh1 f4 31. N3d2 Nxd2 32. Nxd2 f3 33. Bf1 Bg6 34. Bh3 Nf8
35. Qd1 Rf7 36. Nb3 h5 37. Nc1 g4 38. Bf1 h4 39. Bd3 hxg3 40. Bxg6+ Rxg6 41.
fxg3 Re7 42. Bf2 Ne6 43. Nd3 Ng5 44. Qd2 Rh6 45. Ra1 Ne4 46. Qe1 Kg8 47. Qc1
Rxh2+ 48. Kxh2 Qh6+ 49. Kg1 Rh7 50. Kf1 Qh1+ 51. Bg1 Nxg3+ 52. Ke1 Qxg1+ 53.
Kd2 Rh2+ 54. Kc3 Ne4+ 55. Kb3 Qxc1 56. Rxc1 Rxb2+ 57. Kxb2 g3 58. Ne1 f2 59.
Nf3 g2 0-1

[Event "SF Telgte 1 - SV Ibbenbüren 1"]
[Site "Verbandsliga 2019/2020"]
[Date "2020.01.11"]
[Round "5.8"]
[White "Rex, Dieter"]
[Black "Klausmeier, Achim"]
[Result "1/2-1/2"]
[WhiteElo "1710"]
[BlackElo "1605"]
[PlyCount "134"]
[EventDate "2020.??.??"]
[SourceDate "2019.09.14"]

1. d4 g6 2. e4 Bg7 3. Be3 d6 4. Nf3 Nf6 5. Nbd2 O-O 6. h3 Nbd7 7. Bd3 e5 8. c3
c6 9. Qc2 h6 10. O-O Qc7 11. Rfd1 Re8 12. Rac1 a6 13. dxe5 dxe5 14. Bc4 c5 15.
a4 Nb6 16. Be2 Be6 17. b3 Rac8 18. Nf1 Red8 19. Ng3 Rxd1+ 20. Rxd1 Nbd7 21. Nd2
b6 22. Bxa6 Rd8 23. Nc4 Nb8 24. Bb5 Rxd1+ 25. Qxd1 Bf8 26. Qd2 Kh7 27. f3 Nbd7
28. Qd3 Kg7 29. Ne2 Bxc4 30. Bxc4 Qd6 31. Qc2 Ne8 32. f4 f6 33. Bd3 g5 34. g3
Qc7 35. Kg2 Nd6 36. Ng1 Nf7 37. Nf3 Qd6 38. Bc4 exf4 39. gxf4 gxf4 40. Nh4 Qe5
41. Nf5+ Kg8 42. Bf2 f3+ 43. Kxf3 Qh2 44. Bd5 Qxh3+ 45. Bg3 Nde5+ 46. Ke2 Qg2+
47. Kd1 Qf1+ 48. Be1 Qf3+ 49. Qe2 Qxe2+ 50. Kxe2 Kh7 51. b4 Nd6 52. a5 bxa5 53.
bxa5 Nb5 54. Ne3 Kg6 55. a6 h5 56. c4 Na7 57. Ba5 Kg5 58. Bb6 Nec6 59. Bxc6
Nxc6 60. a7 Nxa7 61. Bxa7 Kf4 62. Kd3 h4 63. Bb8+ Kf3 64. Nd5 Bh6 65. Bd6 h3
66. Bc7 Bg5 67. Bd6 Bh6 1/2-1/2

[Event "SF Beelen 1 - SC Rochade Emsdetten 2"]
[Site "Verbandsliga 2019/2020"]
[Date "2020.01.11"]
[Round "5.1"]
[White "Delere, Adrian"]
[Black "Hofene, Dieter"]
[Result "1-0"]
[WhiteElo "1799"]
[BlackElo "1991"]
[PlyCount "55"]
[EventDate "2020.??.??"]
[SourceDate "2019.09.14"]

1. e4 e6 2. d4 d5 3. exd5 exd5 4. Nf3 Nf6 5. Bd3 c5 6. O-O Be7 7. dxc5 O-O 8.
Be3 Nc6 9. c3 Bg4 10. Nbd2 a5 11. Qc2 Qd7 12. Rfb1 Rfd8 13. a3 a4 14. b4 axb3
15. Rxb3 Bxf3 16. Nxf3 Ne4 17. Rab1 Ra7 18. h3 f5 19. Qb2 f4 20. Bd4 Na5 21. c6
bxc6 22. Bxa7 Nxb3 23. Qxb3 Kh8 24. Bb6 Rb8 25. Bxe4 dxe4 26. Ne5 Qd5 27. Qxd5
cxd5 28. Nc6 1-0